Programování v jazyku Pascal

Enregistré dans:
Détails bibliographiques
Auteur principal: Jinoch, Josef
Autres auteurs: Müller, Karel, Vogel, Josef
Format: Livre
Langue:tchèque
Publié: Praha Stát. nakl. techn. lit. 1987
Édition:2. vyd.
Tags: Ajouter un tag
Pas de tags, Soyez le premier à ajouter un tag!

MARC

LEADER 00000nam a2200000 4500
001 c023689
005 20221219103214.4
041 0 |a cze 
044 |a CZ 
245 1 0 |a Programování v jazyku Pascal  |c Josef Jinoch, Karel Müller, Josef Vogel 
250 |a 2. vyd. 
264 1 |a Praha  |b Stát. nakl. techn. lit.  |c 1987 
300 |a 263 s. 
100 1 |a Jinoch, Josef 
700 1 |a Müller, Karel 
700 1 |a Vogel, Josef